[Event "DEM U14w 2024"]
[Site "Willingen GER"]
[Date "2024.05.25"]
[Round "9"]
[White "Wagner, Cosima Thien-An"]
[Black "Neumeier, Valentina"]
[Result "1-0"]
[Termination "normal"]
[Board "7"]
[WhiteElo "1773"]
[BlackElo "1805"]
[WhiteClock "00:05:14"]
[BlackClock "00:03:37"]
[PlyCount "157"]
[WhiteFideId "34603484"]
[BlackFideId "34608222"]
[EventCountry "GER"]
[EventRounds "9"]
[EventType "swiss"]
[EventDate "2024.05.18"]

1. c4 {[%clk 01:30:59]} e5 {[%clk 01:30:56]} {[%emt 00:00:04]} 2. Nc3 {[%clk
01:31:24]} {[%emt 00:00:04]} Nc6 {[%clk 01:31:21]} {[%emt 00:00:05]} 3. Nf3
{[%clk 01:30:57]} {[%emt 00:00:58]} f5 {[%clk 01:31:46]} {[%emt 00:00:06]} 4.
d3 {[%clk 01:30:16]} {[%emt 00:01:10]} Nf6 {[%clk 01:31:59]} {[%emt 00:00:17]}
5. g3 {[%clk 01:30:27]} {[%emt 00:00:19]} Bb4 {[%clk 01:32:20]} {[%emt
00:00:09]} 6. Bg2 {[%clk 01:30:26]} {[%emt 00:00:30]} O-O {[%clk 01:32:00]}
{[%emt 00:00:51]} 7. O-O {[%clk 01:30:29]} {[%emt 00:00:27]} Bxc3 {[%clk
01:26:06]} {[%emt 00:06:24]} 8. bxc3 {[%clk 01:30:46]} {[%emt 00:00:13]} d6
{[%clk 01:26:26]} {[%emt 00:00:10]} 9. d4 {[%clk 01:26:52]} {[%emt 00:04:23]}
Qe8 {[%clk 01:12:01]} {[%emt 00:14:55]} 10. e3 {[%clk 01:10:13]} {[%emt
00:17:09]} Ne4 {[%clk 00:58:57]} {[%emt 00:13:34]} 11. Qd3 {[%clk 01:05:29]}
{[%emt 00:05:14]} Qh5 {[%clk 00:51:59]} {[%emt 00:07:29]} 12. Nh4 {[%clk
00:54:16]} {[%emt 00:11:42]} Nf6 {[%clk 00:45:59]} {[%emt 00:06:30]} 13. Qd1
{[%clk 00:42:37]} {[%emt 00:12:09]} Qf7 {[%clk 00:41:16]} {[%emt 00:05:14]} 14.
d5 {[%clk 00:34:53]} {[%emt 00:08:13]} Ne7 {[%clk 00:39:41]} {[%emt 00:02:05]}
15. Ba3 {[%clk 00:29:39]} {[%emt 00:05:45]} b6 {[%clk 00:35:32]} {[%emt
00:04:39]} 16. Nf3 {[%clk 00:24:32]} {[%emt 00:05:36]} h6 {[%clk 00:32:40]}
{[%emt 00:03:22]} 17. Nd2 {[%clk 00:20:10]} {[%emt 00:04:53]} Ng6 {[%clk
00:29:19]} {[%emt 00:03:51]} 18. Qc2 {[%clk 00:15:23]} {[%emt 00:05:16]} Bd7
{[%clk 00:23:31]} {[%emt 00:06:18]} 19. f4 {[%clk 00:08:46]} {[%emt 00:07:08]}
Ng4 {[%clk 00:17:17]} {[%emt 00:06:44]} 20. Rfe1 {[%clk 00:07:59]} {[%emt
00:01:16]} e4 {[%clk 00:13:04]} {[%emt 00:04:43]} 21. Nb3 {[%clk 00:08:08]}
{[%emt 00:00:21]} h5 {[%clk 00:11:48]} {[%emt 00:01:46]} 22. Nd4 {[%clk
00:06:39]} {[%emt 00:02:00]} h4 {[%clk 00:09:42]} {[%emt 00:02:36]} 23. Bh3
{[%clk 00:06:09]} {[%emt 00:00:59]} Nh6 {[%clk 00:08:29]} {[%emt 00:01:43]} 24.
Qf2 {[%clk 00:04:28]} {[%emt 00:02:10]} Qf6 {[%clk 00:06:58]} {[%emt 00:02:03]}
25. Bb2 {[%clk 00:03:48]} {[%emt 00:01:09]} Kf7 {[%clk 00:05:29]} {[%emt
00:01:59]} 26. Nb5 {[%clk 00:03:21]} {[%emt 00:00:57]} Qd8 {[%clk 00:04:03]}
{[%emt 00:01:55]} 27. Nd4 {[%clk 00:02:39]} {[%emt 00:01:12]} Qe7 {[%clk
00:04:07]} {[%emt 00:00:27]} 28. Nb5 {[%clk 00:02:38]} {[%emt 00:00:31]} Rfc8
{[%clk 00:04:18]} {[%emt 00:00:17]} 29. Rad1 {[%clk 00:02:40]} {[%emt
00:00:30]} a6 {[%clk 00:04:21]} {[%emt 00:00:27]} 30. Nd4 {[%clk 00:03:00]}
{[%emt 00:00:09]} Rh8 {[%clk 00:03:22]} {[%emt 00:01:29]} 31. Kf1 {[%clk
00:02:25]} {[%emt 00:01:05]} Rh7 {[%clk 00:03:02]} {[%emt 00:00:49]} 32. Ke2
{[%clk 00:02:29]} {[%emt 00:00:28]} Qf6 {[%clk 00:01:55]} {[%emt 00:01:37]} 33.
Rh1 {[%clk 00:02:13]} {[%emt 00:00:46]} Rhh8 {[%clk 00:01:47]} {[%emt
00:00:37]} 34. Ra1 {[%clk 00:02:13]} {[%emt 00:00:30]} Rad8 {[%clk 00:01:49]}
{[%emt 00:00:28]} 35. a4 {[%clk 00:02:29]} {[%emt 00:00:15]} a5 {[%clk
00:01:45]} {[%emt 00:00:33]} 36. Kd2 {[%clk 00:02:18]} {[%emt 00:00:41]} Rhe8
{[%clk 00:01:34]} {[%emt 00:00:41]} 37. Kc2 {[%clk 00:02:26]} {[%emt 00:00:23]}
Qe7 {[%clk 00:01:29]} {[%emt 00:00:32]} 38. Rhg1 {[%clk 00:02:30]} {[%emt
00:00:29]} Rf8 {[%clk 00:01:22]} {[%emt 00:00:36]} 39. Qg2 {[%clk 00:02:47]}
{[%emt 00:00:13]} Ng4 {[%clk 00:00:58]} {[%emt 00:00:54]} 40. Bxg4 {[%clk
00:01:47]} {[%emt 00:01:30]} fxg4 {[%clk 00:01:21]} {[%emt 00:00:07]} 41. f5
{[%clk 00:24:19]} {[%emt 00:07:58]} Ne5 {[%clk 00:28:07]} {[%emt 00:03:44]} 42.
Qxe4 {[%clk 00:22:29]} {[%emt 00:02:20]} Kg8 {[%clk 00:20:29]} {[%emt
00:08:09]} 43. Kb3 {[%clk 00:18:37]} {[%emt 00:04:21]} h3 {[%clk 00:19:12]}
{[%emt 00:01:47]} 44. Rgf1 {[%clk 00:17:33]} {[%emt 00:01:34]} Rf6 {[%clk
00:17:43]} {[%emt 00:01:59]} 45. Qc2 {[%clk 00:12:49]} {[%emt 00:05:14]} Rdf8
{[%clk 00:15:24]} {[%emt 00:02:49]} 46. e4 {[%clk 00:12:12]} {[%emt 00:01:06]}
Qe8 {[%clk 00:14:09]} {[%emt 00:01:44]} 47. Bc1 {[%clk 00:09:20]} {[%emt
00:03:23]} c5 {[%clk 00:08:10]} {[%emt 00:06:29]} 48. Ne2 {[%clk 00:07:46]}
{[%emt 00:02:04]} Bc8 {[%clk 00:06:29]} {[%emt 00:02:11]} 49. Bg5 {[%clk
00:06:37]} {[%emt 00:01:39]} R6f7 {[%clk 00:06:30]} {[%emt 00:00:26]} 50. Bf4
{[%clk 00:06:53]} {[%emt 00:00:16]} Bb7 {[%clk 00:03:58]} {[%emt 00:03:04]} 51.
Bxe5 {[%clk 00:06:09]} {[%emt 00:01:14]} dxe5 {[%clk 00:03:56]} {[%emt
00:00:31]} 52. Nc1 {[%clk 00:05:13]} {[%emt 00:01:26]} Qe7 {[%clk 00:03:33]}
{[%emt 00:00:52]} 53. Qe2 {[%clk 00:04:13]} {[%emt 00:01:30]} Qg5 {[%clk
00:02:43]} {[%emt 00:01:21]} 54. Nd3 {[%clk 00:04:09]} {[%emt 00:00:34]} Re8
{[%clk 00:02:44]} {[%emt 00:00:28]} 55. Rab1 {[%clk 00:03:14]} {[%emt
00:01:26]} Ba6 {[%clk 00:02:08]} {[%emt 00:01:07]} 56. Nf2 {[%clk 00:03:03]}
{[%emt 00:00:41]} Qe7 {[%clk 00:01:29]} {[%emt 00:01:07]} 57. Qxg4 {[%clk
00:02:37]} {[%emt 00:00:56]} Rf6 {[%clk 00:01:03]} {[%emt 00:00:58]} 58. Qxh3
{[%clk 00:01:56]} {[%emt 00:01:11]} Rh6 {[%clk 00:01:01]} {[%emt 00:00:32]} 59.
Qg2 {[%clk 00:02:14]} {[%emt 00:00:11]} Qg5 {[%clk 00:01:01]} {[%emt 00:00:31]}
60. Nd3 {[%clk 00:01:29]} {[%emt 00:01:15]} Qe7 {[%clk 00:01:04]} {[%emt
00:00:25]} 61. g4 {[%clk 00:01:14]} {[%emt 00:00:45]} Qd7 {[%clk 00:01:12]}
{[%emt 00:00:23]} 62. g5 {[%clk 00:01:18]} {[%emt 00:00:26]} Rd6 {[%clk
00:00:43]} {[%emt 00:00:59]} 63. f6 {[%clk 00:01:21]} {[%emt 00:00:27]} Rf8
{[%clk 00:00:37]} {[%emt 00:00:35]} 64. Nxe5 {[%clk 00:01:32]} {[%emt
00:00:19]} Qd8 {[%clk 00:00:35]} {[%emt 00:00:32]} 65. f7+ {[%clk 00:01:50]}
{[%emt 00:00:13]} Rxf7 {[%clk 00:00:33]} {[%emt 00:00:33]} 66. Nxf7 {[%clk
00:02:01]} {[%emt 00:00:19]} Qd7 {[%clk 00:00:47]} {[%emt 00:00:14]} 67. Nxd6
{[%clk 00:02:19]} {[%emt 00:00:13]} Qxd6 {[%clk 00:01:12]} {[%emt 00:00:05]}
68. Qf2 {[%clk 00:02:09]} {[%emt 00:00:39]} Qe7 {[%clk 00:01:06]} {[%emt
00:00:36]} 69. g6 {[%clk 00:02:21]} {[%emt 00:00:17]} Qe8 {[%clk 00:00:33]}
{[%emt 00:01:05]} 70. Qf7+ {[%clk 00:02:33]} {[%emt 00:00:18]} Qxf7 {[%clk
00:00:56]} {[%emt 00:00:07]} 71. Rxf7 {[%clk 00:02:49]} {[%emt 00:00:14]} Bc8
{[%clk 00:01:09]} {[%emt 00:00:16]} 72. d6 {[%clk 00:03:12]} {[%emt 00:00:08]}
Be6 {[%clk 00:01:28]} {[%emt 00:00:12]} 73. d7 {[%clk 00:03:20]} {[%emt
00:00:21]} Bxd7 {[%clk 00:01:53]} {[%emt 00:00:06]} 74. Rxd7 {[%clk 00:03:45]}
{[%emt 00:00:04]} Kf8 {[%clk 00:02:13]} {[%emt 00:00:11]} 75. e5 {[%clk
00:04:09]} {[%emt 00:00:06]} Kg8 {[%clk 00:02:33]} {[%emt 00:00:10]} 76. e6
{[%clk 00:04:27]} {[%emt 00:00:12]} Kf8 {[%clk 00:02:59]} {[%emt 00:00:04]} 77.
Rf1+ {[%clk 00:04:52]} {[%emt 00:00:04]} Kg8 {[%clk 00:03:16]} {[%emt
00:00:13]} 78. e7 {[%clk 00:05:14]} {[%emt 00:00:09]} b5 {[%clk 00:03:37]}
{[%emt 00:00:09]} 79. e8=Q# {[%emt 00:00:06]} 1-0

[Event "DEM U14w 2024"]
[Site "Willingen GER"]
[Date "2024.05.25"]
[Round "9"]
[White "Richter, Anastasia"]
[Black "Dodul, Alice"]
[Result "0-1"]
[Termination "normal"]
[Board "8"]
[WhiteElo "1562"]
[BlackElo "1656"]
[WhiteClock "00:01:36"]
[BlackClock "00:26:08"]
[PlyCount "106"]
[WhiteFideId "34659099"]
[BlackFideId "34623817"]
[EventCountry "GER"]
[EventRounds "9"]
[EventType "swiss"]
[EventDate "2024.05.18"]

1. e4 {[%clk 01:30:58]} e5 {[%clk 01:30:57]} {[%emt 00:00:03]} 2. Nf3 {[%clk
01:31:23]} {[%emt 00:00:06]} Nc6 {[%clk 01:31:23]} {[%emt 00:00:03]} 3. d4
{[%clk 01:31:49]} {[%emt 00:00:05]} exd4 {[%clk 01:31:48]} {[%emt 00:00:05]} 4.
Nxd4 {[%clk 01:32:09]} {[%emt 00:00:09]} Nf6 {[%clk 01:32:01]} {[%emt
00:00:17]} 5. Nc3 {[%clk 01:32:30]} {[%emt 00:00:09]} Bb4 {[%clk 01:32:00]}
{[%emt 00:00:31]} 6. Nxc6 {[%clk 01:20:01]} {[%emt 00:12:59]} Bxc3+ {[%clk
01:30:08]} {[%emt 00:02:22]} 7. bxc3 {[%clk 01:20:25]} {[%emt 00:00:06]} bxc6
{[%clk 01:30:30]} {[%emt 00:00:09]} 8. Bd3 {[%clk 01:16:03]} {[%emt 00:04:52]}
h6 {[%clk 01:26:33]} {[%emt 00:04:26]} 9. O-O {[%clk 01:14:17]} {[%emt
00:02:16]} O-O {[%clk 01:26:33]} {[%emt 00:00:30]} 10. Bb2 {[%clk 01:00:24]}
{[%emt 00:14:23]} d6 {[%clk 01:24:43]} {[%emt 00:02:20]} 11. c4 {[%clk
00:56:07]} {[%emt 00:04:46]} Bg4 {[%clk 01:14:54]} {[%emt 00:10:20]} 12. Bxf6
{[%clk 00:53:02]} {[%emt 00:03:35]} Qxf6 {[%clk 01:14:49]} {[%emt 00:00:36]}
13. Qxg4 {[%clk 00:53:21]} {[%emt 00:00:09]} Rfe8 {[%clk 01:12:21]} {[%emt
00:02:59]} 14. Rfe1 {[%clk 00:50:53]} {[%emt 00:02:56]} Re5 {[%clk 01:11:42]}
{[%emt 00:01:10]} 15. f4 {[%clk 00:43:12]} {[%emt 00:08:11]} Rc5 {[%clk
01:10:46]} {[%emt 00:01:26]} 16. Rad1 {[%clk 00:38:44]} {[%emt 00:04:58]} h5
{[%clk 01:08:26]} {[%emt 00:02:51]} 17. Qf3 {[%clk 00:37:15]} {[%emt 00:01:57]}
Qh6 {[%clk 01:07:31]} {[%emt 00:01:26]} 18. e5 {[%clk 00:32:35]} {[%emt
00:05:10]} Rf8 {[%clk 01:06:43]} {[%emt 00:01:19]} 19. g4 {[%clk 00:30:18]}
{[%emt 00:02:44]} g5 {[%clk 01:05:36]} {[%emt 00:01:41]} 20. gxh5 {[%clk
00:20:28]} {[%emt 00:10:18]} gxf4 {[%clk 01:04:49]} {[%emt 00:01:18]} 21. Kf2
{[%clk 00:13:20]} {[%emt 00:07:34]} Kh8 {[%clk 01:02:05]} {[%emt 00:03:18]} 22.
exd6 {[%clk 00:10:17]} {[%emt 00:03:29]} Rxh5 {[%clk 00:58:12]} {[%emt
00:04:26]} 23. h4 {[%clk 00:05:38]} {[%emt 00:05:05]} cxd6 {[%clk 00:53:54]}
{[%emt 00:04:54]} 24. Be2 {[%clk 00:04:24]} {[%emt 00:01:42]} Rxh4 {[%clk
00:47:13]} {[%emt 00:07:12]} 25. Rh1 {[%clk 00:04:08]} {[%emt 00:00:45]} Rh2+
{[%clk 00:47:25]} {[%emt 00:00:18]} 26. Rxh2 {[%clk 00:04:32]} {[%emt
00:00:06]} Qxh2+ {[%clk 00:47:42]} {[%emt 00:00:13]} 27. Qg2 {[%clk 00:04:49]}
{[%emt 00:00:08]} Qh4+ {[%clk 00:46:49]} {[%emt 00:01:29]} 28. Kf3 {[%clk
00:01:38]} {[%emt 00:03:39]} Re8 {[%clk 00:45:57]} {[%emt 00:01:24]} 29. Rd3
{[%clk 00:01:08]} {[%emt 00:00:58]} Qh5+ {[%clk 00:40:04]} {[%emt 00:06:25]}
30. Kxf4 {[%clk 00:01:02]} {[%emt 00:00:35]} Qe5+ {[%clk 00:37:11]} {[%emt
00:03:24]} 31. Kf3 {[%clk 00:00:33]} {[%emt 00:01:00]} Qe4+ {[%clk 00:37:15]}
{[%emt 00:00:25]} 32. Kf2 {[%clk 00:00:49]} {[%emt 00:00:10]} Qxe2+ {[%clk
00:37:39]} {[%emt 00:00:10]} 33. Kg1 {[%clk 00:00:59]} {[%emt 00:00:16]} Qxg2+
{[%clk 00:36:58]} {[%emt 00:01:15]} 34. Kxg2 {[%clk 00:01:28]} {[%emt
00:00:01]} Re2+ {[%clk 00:37:16]} {[%emt 00:00:12]} 35. Kf3 {[%clk 00:01:48]}
{[%emt 00:00:10]} Re6 {[%clk 00:35:46]} {[%emt 00:02:01]} 36. Kf4 {[%clk
00:01:54]} {[%emt 00:00:22]} Kg7 {[%clk 00:35:54]} {[%emt 00:00:23]} 37. Kf5
{[%clk 00:01:41]} {[%emt 00:00:40]} Re5+ {[%clk 00:34:37]} {[%emt 00:01:50]}
38. Kf4 {[%clk 00:02:03]} {[%emt 00:00:07]} Rc5 {[%clk 00:32:39]} {[%emt
00:02:29]} 39. Rd4 {[%clk 00:01:30]} {[%emt 00:01:03]} d5 {[%clk 00:31:34]}
{[%emt 00:01:35]} 40. cxd5 {[%clk 00:01:41]} {[%emt 00:00:19]} cxd5 {[%clk
00:31:37]} {[%emt 00:00:27]} 41. Rd2 {[%clk 00:01:24]} {[%emt 00:00:46]} Kf6
{[%clk 00:30:56]} {[%emt 00:01:11]} 42. Rh2 {[%clk 00:01:43]} {[%emt 00:00:11]}
Rc4+ {[%clk 00:29:19]} {[%emt 00:02:09]} 43. Ke3 {[%clk 00:01:44]} {[%emt
00:00:14]} Ke5 {[%clk 00:27:20]} {[%emt 00:02:43]} 44. Rh5+ {[%clk 00:01:57]}
{[%emt 00:00:13]} f5 {[%clk 00:27:21]} {[%emt 00:00:34]} 45. Kd3 {[%clk
00:01:58]} {[%emt 00:00:24]} Ra4 {[%clk 00:27:20]} {[%emt 00:00:34]} 46. Rh2
{[%clk 00:01:29]} {[%emt 00:00:54]} Rxa2 {[%clk 00:26:42]} {[%emt 00:01:14]}
47. Re2+ {[%clk 00:01:48]} {[%emt 00:00:11]} Kd6 {[%clk 00:26:58]} {[%emt
00:00:14]} 48. Rf2 {[%clk 00:01:55]} {[%emt 00:00:19]} Ra3+ {[%clk 00:26:47]}
{[%emt 00:00:45]} 49. Kd4 {[%clk 00:01:42]} {[%emt 00:00:42]} Ra4+ {[%clk
00:27:02]} {[%emt 00:00:16]} 50. Kd3 {[%clk 00:02:04]} {[%emt 00:00:07]} Ke5
{[%clk 00:27:00]} {[%emt 00:00:33]} 51. Rh2 {[%clk 00:01:34]} {[%emt 00:00:55]}
Ra3+ {[%clk 00:25:40]} {[%emt 00:01:55]} 52. c3 {[%clk 00:01:31]} {[%emt
00:00:32]} d4 {[%clk 00:25:46]} {[%emt 00:00:25]} 53. Re2+ {[%clk 00:01:36]}
{[%emt 00:00:24]} Kd5 {[%clk 00:26:08]} {[%emt 00:00:09]} 0-1

[Event "DEM U14w 2024"]
[Site "Willingen GER"]
[Date "2024.05.25"]
[Round "9"]
[White "Gold, Finnja"]
[Black "Rafikova, Ailin"]
[Result "1/2-1/2"]
[Termination "normal"]
[Board "9"]
[WhiteElo "1484"]
[BlackElo "1627"]
[WhiteClock "01:29:10"]
[BlackClock "01:13:42"]
[PlyCount "124"]
[WhiteFideId "34660453"]
[BlackFideId "34612173"]
[EventCountry "GER"]
[EventRounds "9"]
[EventType "swiss"]
[EventDate "2024.05.18"]

1. e4 {[%clk 01:30:58]} {[%emt 00:00:01]} c6 {[%clk 01:30:58]} {[%emt
00:00:03]} 2. c4 {[%clk 01:31:21]} {[%emt 00:00:07]} d5 {[%clk 01:31:24]}
{[%emt 00:00:04]} 3. cxd5 {[%clk 01:31:42]} {[%emt 00:00:08]} cxd5 {[%clk
01:31:44]} {[%emt 00:00:10]} 4. exd5 {[%clk 01:32:05]} {[%emt 00:00:07]} Qxd5
{[%clk 01:32:09]} {[%emt 00:00:04]} 5. Nc3 {[%clk 01:32:26]} {[%emt 00:00:10]}
Qd8 {[%clk 01:32:36]} {[%emt 00:00:03]} 6. Bc4 {[%clk 01:32:44]} {[%emt
00:00:12]} Nf6 {[%clk 01:32:52]} {[%emt 00:00:13]} 7. Nf3 {[%clk 01:33:06]}
{[%emt 00:00:09]} e6 {[%clk 01:32:42]} {[%emt 00:00:40]} 8. O-O {[%clk
01:33:11]} {[%emt 00:00:24]} Be7 {[%clk 01:33:05]} {[%emt 00:00:07]} 9. d4
{[%clk 01:33:16]} {[%emt 00:00:26]} O-O {[%emt 00:01:05]} 10. Be3 a6 {[%clk
01:30:58]} {[%emt 00:02:46]} 11. d5 {[%clk 01:33:00]} {[%emt 00:00:30]} exd5
{[%clk 01:30:31]} {[%emt 00:00:59]} 12. Nxd5 {[%clk 01:33:13]} {[%emt
00:00:16]} Nxd5 {[%clk 01:30:26]} {[%emt 00:00:35]} 13. Bxd5 {[%clk 01:33:33]}
{[%emt 00:00:11]} Nd7 {[%clk 01:30:15]} {[%emt 00:00:40]} 14. Rc1 {[%clk
01:31:51]} {[%emt 00:02:12]} Nf6 {[%clk 01:28:54]} {[%emt 00:01:51]} 15. Bb3
{[%clk 01:32:03]} {[%emt 00:00:19]} Qa5 {[%clk 01:26:05]} {[%emt 00:03:19]} 16.
Qe2 {[%clk 01:30:34]} {[%emt 00:01:59]} Bd7 {[%clk 01:17:44]} {[%emt 00:08:50]}
17. Bd2 {[%clk 01:29:33]} {[%emt 00:01:30]} Qd8 {[%clk 01:17:30]} {[%emt
00:00:45]} 18. Rfd1 {[%clk 01:29:10]} {[%emt 00:00:54]} Bb5 {[%clk 01:13:42]}
{[%emt 00:04:18]} 19. Bc4 Bxc4 {[%clk 01:13:42]} 20. Qxc4 Rc8 {[%clk 01:13:42]}
21. Qb3 Rxc1 {[%clk 01:13:42]} 22. Rxc1 Qd7 {[%clk 01:13:42]} 23. Be3 Nd5
{[%clk 01:13:42]} 24. Rd1 Rd8 {[%clk 01:13:42]} 25. Bb6 Rc8 {[%clk 01:13:42]}
26. g3 Qe6 {[%clk 01:13:42]} 27. Rxd5 Rc1+ {[%clk 01:13:42]} 28. Kg2 Qe2 {[%clk
01:13:42]} 29. Qd3 Qxd3 {[%clk 01:13:42]} 30. Rxd3 Rb1 {[%clk 01:13:42]} 31. b3
Ra1 {[%clk 01:13:42]} 32. a4 Rb1 {[%clk 01:13:42]} 33. Re3 Kf8 {[%clk
01:13:42]} 34. a5 h6 {[%clk 01:13:42]} 35. Nd4 g6 {[%clk 01:13:42]} 36. h3 Rb2
{[%clk 01:13:42]} 37. Re2 Rb1 {[%clk 01:13:42]} 38. g4 Bd6 {[%clk 01:13:42]}
39. f3 Be7 {[%clk 01:13:42]} 40. Rc2 Bd6 {[%clk 01:13:42]} 41. Bc5 Ke7 {[%clk
01:13:42]} 42. Bxd6+ Kxd6 {[%clk 01:13:42]} 43. Rc4 Kd5 {[%clk 01:13:42]} 44.
h4 Rxb3 {[%clk 01:13:42]} 45. Nxb3 Kxc4 {[%clk 01:13:42]} 46. Nd2+ Kb4 {[%clk
01:13:42]} 47. g5 hxg5 {[%clk 01:13:42]} 48. hxg5 Kxa5 {[%clk 01:13:42]} 49.
Kf2 Kb4 {[%clk 01:13:42]} 50. Ke3 a5 {[%clk 01:13:42]} 51. Kd3 a4 {[%clk
01:13:42]} 52. Kc2 b5 {[%clk 01:13:42]} 53. Kb2 Kc5 {[%clk 01:13:42]} 54. Kc3
b4+ {[%clk 01:13:42]} 55. Kd3 a3 {[%clk 01:13:42]} 56. Nb3+ Kb5 {[%clk
01:13:42]} 57. Kd4 Ka4 {[%clk 01:13:42]} 58. Kc4 a2 {[%clk 01:13:42]} 59. Na1
Ka3 {[%clk 01:13:42]} 60. Nb3 Ka4 {[%clk 01:13:42]} 61. Na1 Ka3 {[%clk
01:13:42]} 62. Nb3 Ka4 {[%clk 01:13:42]} 1/2-1/2

[Event "DEM U14w 2024"]
[Site "Willingen GER"]
[Date "2024.05.25"]
[Round "9"]
[White "Mehner, Clara"]
[Black "Dedic, Sajra"]
[Result "1-0"]
[Termination "normal"]
[Board "10"]
[WhiteElo "1647"]
[BlackElo "1555"]
[WhiteClock "00:28:19"]
[BlackClock "00:09:36"]
[PlyCount "87"]
[WhiteFideId "34612165"]
[BlackFideId "14422794"]
[EventCountry "GER"]
[EventRounds "9"]
[EventType "swiss"]
[EventDate "2024.05.18"]

1. e4 {[%clk 01:30:58]} {[%emt 00:00:02]} d6 {[%clk 01:29:39]} {[%emt
00:01:20]} 2. d4 {[%clk 01:31:05]} {[%emt 00:00:25]} Nf6 {[%clk 01:30:04]}
{[%emt 00:00:06]} 3. Bd3 {[%clk 01:30:28]} {[%emt 00:01:05]} e5 {[%clk
01:30:23]} {[%emt 00:00:11]} 4. c3 {[%clk 01:29:51]} {[%emt 00:01:07]} exd4
{[%clk 01:26:59]} {[%emt 00:03:54]} 5. cxd4 {[%clk 01:29:59]} {[%emt 00:00:22]}
Be7 {[%clk 01:26:19]} {[%emt 00:01:10]} 6. h3 {[%clk 01:28:05]} {[%emt
00:02:24]} O-O {[%clk 01:26:27]} {[%emt 00:00:23]} 7. Nf3 {[%clk 01:27:53]}
{[%emt 00:00:41]} Re8 {[%clk 01:26:19]} {[%emt 00:00:38]} 8. O-O {[%clk
01:27:03]} {[%emt 00:01:21]} h6 {[%clk 01:24:18]} {[%emt 00:02:31]} 9. Nc3
{[%clk 01:23:59]} {[%emt 00:03:33]} c6 {[%clk 01:20:44]} {[%emt 00:04:05]} 10.
Bc2 {[%clk 01:16:45]} {[%emt 00:07:43]} d5 {[%clk 01:17:24]} {[%emt 00:03:50]}
11. e5 {[%clk 01:15:11]} {[%emt 00:02:04]} Nh7 {[%clk 01:17:43]} {[%emt
00:00:11]} 12. Re1 {[%clk 01:08:06]} {[%emt 00:07:35]} Na6 {[%clk 01:11:42]}
{[%emt 00:06:31]} 13. a3 {[%clk 01:04:40]} {[%emt 00:03:56]} Nc7 {[%clk
01:11:31]} {[%emt 00:00:41]} 14. Nh2 {[%clk 00:58:09]} {[%emt 00:07:01]} Ne6
{[%clk 00:51:52]} {[%emt 00:20:10]} 15. Rf1 {[%clk 00:46:10]} {[%emt 00:12:29]}
Qb6 {[%clk 00:50:04]} {[%emt 00:02:17]} 16. Qd3 {[%clk 00:44:21]} {[%emt
00:02:19]} Nhf8 {[%clk 00:49:30]} {[%emt 00:01:04]} 17. Be3 {[%clk 00:42:49]}
{[%emt 00:02:02]} Ng5 {[%clk 00:25:17]} {[%emt 00:24:40]} 18. f4 {[%clk
00:38:46]} {[%emt 00:04:35]} Ngh7 {[%clk 00:25:35]} {[%emt 00:00:12]} 19. f5
{[%clk 00:31:50]} {[%emt 00:07:27]} Bg5 {[%clk 00:24:21]} {[%emt 00:01:44]} 20.
Bf2 {[%clk 00:22:44]} {[%emt 00:09:36]} Qd8 {[%clk 00:20:16]} {[%emt 00:04:34]}
21. Ng4 {[%clk 00:17:12]} {[%emt 00:06:03]} h5 {[%clk 00:16:34]} {[%emt
00:04:12]} 22. Nh2 {[%clk 00:15:32]} {[%emt 00:02:10]} Bh6 {[%clk 00:14:51]}
{[%emt 00:02:12]} 23. Bg3 {[%clk 00:13:16]} {[%emt 00:02:47]} h4 {[%clk
00:13:01]} {[%emt 00:02:20]} 24. Be1 {[%clk 00:13:08]} {[%emt 00:00:38]} b5
{[%clk 00:03:55]} {[%emt 00:09:37]} 25. Ne2 {[%clk 00:12:03]} {[%emt 00:01:34]}
a5 {[%clk 00:03:15]} {[%emt 00:01:10]} 26. Kh1 {[%clk 00:11:34]} {[%emt
00:00:59]} b4 {[%clk 00:02:17]} {[%emt 00:01:29]} 27. axb4 {[%clk 00:11:05]}
{[%emt 00:00:58]} Ba6 {[%clk 00:02:40]} {[%emt 00:00:06]} 28. Qf3 {[%clk
00:10:41]} {[%emt 00:00:55]} axb4 {[%clk 00:01:57]} {[%emt 00:01:13]} 29. Bxb4
{[%clk 00:09:51]} {[%emt 00:01:21]} Qb6 {[%clk 00:01:16]} {[%emt 00:01:10]} 30.
Bc3 {[%clk 00:10:09]} {[%emt 00:00:12]} Red8 {[%clk 00:00:50]} {[%emt
00:00:56]} 31. e6 {[%clk 00:08:53]} {[%emt 00:01:46]} Bxe2 {[%clk 00:00:42]}
{[%emt 00:00:38]} 32. Qxe2 {[%clk 00:08:48]} {[%emt 00:00:35]} Rxa1 {[%clk
00:00:48]} {[%emt 00:00:25]} 33. Rxa1 {[%clk 00:09:03]} {[%emt 00:00:14]} fxe6
{[%clk 00:01:08]} {[%emt 00:00:10]} 34. fxe6 {[%clk 00:09:22]} {[%emt
00:00:11]} Re8 {[%clk 00:00:38]} {[%emt 00:01:00]} 35. e7 {[%clk 00:09:25]}
{[%emt 00:00:27]} Nd7 {[%clk 00:00:57]} {[%emt 00:00:10]} 36. Qe6+ {[%clk
00:09:35]} {[%emt 00:00:20]} Kh8 {[%clk 00:00:57]} {[%emt 00:00:31]} 37. Qxd7
{[%clk 00:08:15]} {[%emt 00:01:50]} Nf6 {[%clk 00:00:59]} {[%emt 00:00:27]} 38.
Qa7 {[%clk 00:07:24]} {[%emt 00:01:23]} Qxa7 {[%clk 00:00:31]} {[%emt
00:00:58]} 39. Rxa7 {[%clk 00:07:43]} {[%emt 00:00:10]} Bf4 {[%clk 00:00:32]}
{[%emt 00:00:29]} 40. Bb4 {[%clk 00:06:12]} {[%emt 00:02:01]} Kg8 {[%clk
00:00:34]} {[%emt 00:00:28]} 41. Bg6 {[%clk 00:04:58]} {[%emt 00:01:44]} Rb8
{[%clk 00:00:49]} {[%emt 00:00:15]} 42. Ba3 {[%clk 00:04:49]} {[%emt 00:00:39]}
Ne4 {[%clk 00:29:17]} {[%emt 00:02:02]} 43. Ng4 {[%clk 00:31:33]} {[%emt
00:03:46]} Be3 {[%clk 00:09:36]} {[%emt 00:20:10]} 44. Nxe3 {[%clk 00:28:19]}
{[%emt 00:03:44]} 1-0